Statistics for きららファンタジア 登場キャラクター

Click here to take the quiz!

General Stats

  • This quiz has been taken 68 times
    (56 since last reset)
  • The average score is 80 of 220

Answer Stats

HintAnswer% Correct
ぼっち・ざ
・ろっく!
後藤ひとり
86%
ゆるキャン△各務原なでしこ
83%
ゆるキャン△志摩リン
83%
ゆるキャン△犬山あおい
81%
NEW GAME!涼風青葉
78%
ご注文は
うさぎですか?
香風智乃
75%
きんいろモザイクアリス・カータレット
75%
きんいろモザイク九条カレン
75%
ぼっち・ざ
・ろっく!
喜多郁代
75%
ご注文は
うさぎですか?
保登心愛
72%
ぼっち・ざ
・ろっく!
伊地知虹夏
72%
ゆるキャン△大垣千明
72%
ぼっち・ざ
・ろっく!
山田リョウ
72%
ご注文は
うさぎですか?
宇治松千夜
69%
きんいろモザイク猪熊陽子
69%
きんいろモザイク大宮忍
67%
NEW GAME!八神コウ
67%
まちカドまぞく吉田優子
67%
キルミーベイベーソーニャ
67%
ご注文は
うさぎですか?
桐間紗路
64%
ゆるキャン△斉藤恵那
64%
きんいろモザイク小路綾
64%
ご注文は
うさぎですか?
天々座理世
61%
NEW GAME!飯島ゆん
61%
まちカドまぞく千代田桃
58%
ゆゆ式野々原ゆずこ
58%
ゆゆ式櫟井唯
58%
NEW GAME!滝本ひふみ
58%
けいおん!中野梓
58%
NEW GAME!桜ねね
56%
がっこうぐらし!丈槍由紀
56%
NEW GAME!遠山りん
56%
がっこうぐらし!佐倉慈
56%
けいおん!平沢唯
56%
恋する小惑星真中あお
53%
けいおん!田井中律
53%
けいおん!琴吹紬
53%
NEW GAME!阿波根うみこ
53%
NEW GAME!篠田はじめ
50%
ひだまりスケッチゆの
50%
がっこうぐらし!恵飛須沢胡桃
50%
がっこうぐらし!直樹美紀
50%
ゆゆ式日向縁
50%
スロウスタート百地たまて
47%
恋する小惑星木ノ幡みら
47%
けいおん!秋山澪
47%
ご注文は
うさぎですか?
条河麻耶
47%
ご注文は
うさぎですか?
奈津恵
47%
きんいろモザイク大宮勇
47%
キルミーベイベー呉織あぎり
44%
こみっくがーるず萌田薫子
44%
キルミーベイベー折部やすな
44%
ブレンド・S桜ノ宮苺香
44%
けいおん!平沢憂
44%
まちカドまぞく吉田良子
44%
NEW GAME!望月紅葉
44%
恋する小惑星桜井美景
44%
スロウスタート千石冠
44%
スロウスタート一之瀬花名
44%
恋する小惑星猪瀬舞
44%
スロウスタート万年大会
42%
桜Trick園田優
42%
スロウスタート十倉栄依子
42%
ひだまりスケッチ宮子
42%
スローループ海凪ひより
42%
うらら迷路帖千矢
42%
まちカドまぞく陽夏木ミカン
42%
ご注文は
うさぎですか?
保登モカ
42%
がっこうぐらし!若狭悠里
42%
ステラのまほう本田珠輝
42%
ブレンド・S日向夏帆
42%
スローループ海凪小春
39%
こみっくがーるず恋塚小夢
39%
あんハピ♪花小泉杏
39%
あんハピ♪雲雀丘瑠璃
39%
まちカドまぞくリリス
39%
こみっくがーるず勝木翼
39%
うらら迷路帖巽紺
39%
ひだまりスケッチ乃莉
39%
うらら迷路帖棗ノノ
39%
桜Trick高山春香
39%
きんいろモザイク松原穂乃花
39%
ブレンド・S神崎ひでり
36%
棺担ぎのクロ。クロ
36%
三者三葉小田切双葉
36%
おちこぼれ
フルーツタルト
桜衣乃
36%
ひだまりスケッチ沙英
36%
ステラのまほう村上椎奈
36%
恋する小惑星森野真理
36%
NEW GAME!星川ほたる
36%
きんいろモザイク日暮香奈
36%
きんいろモザイク久世橋朱里
36%
スローループ吉永恋
36%
きんいろモザイク烏丸さくら
36%
ひだまりスケッチなずな
36%
ひだまりスケッチヒロ
36%
夢喰いメリーメリー・ナイトメア
36%
うらら迷路帖棗ニナ
36%
あんハピ♪江古田蓮
33%
NEW GAME!鳴海ツバメ
33%
ステラのまほう関あやめ
33%
幸腹
グラフィティ
町子リョウ
33%
三者三葉西川葉子
33%
アニマエール!有馬ひづめ
33%
ステラのまほう藤川歌夜
33%
がっこうぐらし!祠堂圭
33%
アニマエール!鳩谷こはね
33%
ご注文は
うさぎですか?
青山翠
33%
ハナヤマタ常盤真智
33%
ブレンド・S星川麻冬
33%
桜Trick池野楓
33%
おちこぼれ
フルーツタルト
緑へも
33%
ハナヤマタ関谷なる
33%
ゆるキャン△土岐綾乃
33%
うらら迷路帖雪見小梅
31%
うらら迷路帖色井佐久
31%
桜Trick飯塚ゆず
31%
ゆゆ式松本頼子
31%
ゆゆ式相川千穂
31%
おちこぼれ
フルーツタルト
貫井はゆ
31%
アニマエール!舘島虎徹
31%
おちこぼれ
フルーツタルト
関野ロコ
31%
三者三葉葉山照
31%
こみっくがーるず色川琉姫
31%
ステラのまほう布田裕美音
31%
Aチャンネル天王寺渚
31%
あんハピ♪萩生響
31%
幸腹
グラフィティ
椎名
31%
ハナヤマタ西御門多美
31%
NEW GAME!葉月しずく
31%
ステラのまほう池谷乃々
31%
あんハピ♪久米川牡丹
31%
球詠武田詠深
31%
幸腹
グラフィティ
森野きりん
31%
桜Trick園田美月
31%
アニマエール!猿渡宇希
28%
あっちこっち御庭つみき
28%
おちこぼれ
フルーツタルト
前原仁菜
28%
三者三葉薗部篠
28%
三者三葉葉山光
28%
Aチャンネル一井透
28%
ゆゆ式長谷川ふみ
28%
RPG不動産ファー
28%
ゆゆ式岡野佳
28%
アニマエール!牛久花和
28%
桜Trick南しずく
28%
こみっくがーるず色川美姫
28%
はるかな
レシーブ
比嘉かなた
28%
ハナヤマタ笹目ヤヤ
28%
はるかな
レシーブ
大空遥
28%
ブレンド・S天野美雨
28%
ハナヤマタハナ・N・フォンテーンスタンド
28%
球詠山崎珠姫
25%
ステラのまほう百武照
25%
あんハピ♪狭山椿
25%
ステラのまほう鶴瀬まつり
25%
こみっくがーるず怖浦すず
25%
ステラのまほう飯野水葉
25%
球詠川口芳乃
25%
球詠中村希
25%
こみっくがーるず編沢まゆ
25%
うらら迷路帖二条臣
25%
RPG不動産風色琴音
25%
GA
芸術科アート
デザインクラス
野田ミキ
25%
ブレンド・S桜ノ宮愛香
25%
はるかな
レシーブ
トーマス・紅愛
25%
夢喰いメリー橘勇魚
25%
RPG不動産ラキラ
25%
桜Trick野田コトネ
25%
あっちこっち片瀬真宵
22%
スロウスタート榎並清瀬
22%
スロウスタート京塚志温
22%
ぱわーおぶ
すまいる。
篠華まゆ
22%
Aチャンネル百木るん
22%
あっちこっち春野姫
22%
RPG不動産ルフリア
22%
けいおん!山中さわ子
22%
小森さんは
断れない!
小森しゅり
22%
桜Trick乙川澄
22%
Aチャンネル西由宇子
22%
はるかな
レシーブ
トーマス・恵美理
22%
GA
芸術科アート
デザインクラス
友兼
22%
GA
芸術科アート
デザインクラス
山口如月
22%
三者三葉西山芹奈
22%
三者三葉近藤亜紗子
22%
はるみ
ねーしょん
細野あるみ
19%
こはる日和。小野坂さおり
19%
恋愛ラボ真木夏緒
19%
夢喰いメリーエンギ・スリーピース
19%
こはる日和。小野坂こはる
19%
ぱわーおぶ
すまいる。
叢園寺観久
19%
ぱわーおぶ
すまいる。
虎道環
19%
うらら迷路帖マリ・キスピルクエット
19%
スロウスタート十倉光希
19%
こみっくがーるず虹野美晴
19%
うらら迷路帖花原椿
19%
GA
芸術科アート
デザインクラス
大道雅
19%
GA
芸術科アート
デザインクラス
野崎奈三子
19%
Aチャンネル鬼頭紀美子
19%
恋愛ラボ倉橋莉子
19%
Aチャンネル野山美歩
19%
はるみ
ねーしょん
細野はるみ
19%
はるみ
ねーしょん
坂本香樹
19%
大家さんは思春期!白井麗子
17%
大家さんは思春期!里中チエ
17%
はるかな
レシーブ
立花彩紗
17%
夢喰いメリー光凪由衣
17%
こはる日和。牧之瀬ひまり
17%
こはる日和。橘ニナ
17%
あっちこっち桜川キクヱ
17%
はるかな
レシーブ
遠井成美
17%
幸腹
グラフィティ
内木ユキ
17%
はるみ
ねーしょん
高橋ユキ
17%
Aチャンネル今井豊
17%
アニマエール!稲葉兎和
17%
はるかな
レシーブ
大城あかり
17%
夢喰いメリー夢捜歌クリオネ
14%
こはる日和。北沢みさき
14%
小森さんは
断れない!
西鳥めぐみ
14%
小森さんは
断れない!
根岸まさ子
14%

Score Distribution

Percentile by Number Answered

Percent of People with Each Score

Your Score History

You have not taken this quiz since the last reset